000 00263nam a22001217a 4500
008 170404b xxu||||| |||| 00| 0 eng d
041 _aeng
080 _24 ED
_a674
100 _a9
101 _aSHM
245 _aENVIROMENTAL SCIENCE
_cCHIRAS.D.D
942 _2udc
_cBK
999 _c9680
_d9680